[Event "C.to Provinciale KR 2007"]
[Site "Cutro ITA"]
[Date "2006.12.08"]
[Round "3"]
[White "Scerra, Ezio"]
[Black "Policastrese, Salvatore"]
[Result "1-0"]
[WhiteElo "1392"]
[BlackElo "1440"]
[PlyCount "79"]
[EventDate "2006.12.07"]

1. e4 e5 2. Nf3 Nc6 3. c3 Nf6 4. d3 h6 5. Be2 d6 6. Be3 Be6 7. Nbd2 Ng4 8. Nf1
Be7 9. d4 d5 10. N3d2 Nxe3 11. Nxe3 exd4 12. Nxd5 Bxd5 13. exd5 Qxd5 14. Bf3
Qe5+ 15. Ne4 f5 16. Bh5+ Kd7 17. Bg4 Qxe4+ 18. Be2 Rad8 19. O-O Kc8 20. Bf3 Qe6
21. Re1 Qf6 22. Bxc6 bxc6 23. cxd4 Rxd4 24. Qe2 Re8 25. g3 Qf7 26. Qa6+ Kb8 27.
Qxc6 Rd2 28. Rac1 Rc8 29. Qb5+ Ka8 30. Qa6 Qe8 31. Rxe7 Qd8 32. Qc6+ Kb8 33.
Qb5+ Ka8 34. Qxf5 Rxb2 35. Rd7 Qe8 36. Rdxc7 Rxc7 37. Rxc7 Kb8 38. Rxg7 Rb7 39.
Qf4+ Kc8 40. Qg4+ 1-0

[Event "C.to Provinciale KR 2007"]
[Site "Cutro ITA"]
[Date "2006.12.08"]
[Round "3"]
[White "Zavaglia, Giuseppe"]
[Black "Rametta, Marcello"]
[Result "1-0"]
[WhiteElo "1886"]
[BlackElo "1780"]
[PlyCount "77"]
[EventDate "2006.12.07"]

1. e4 c5 2. Nf3 Nc6 3. d4 cxd4 4. Nxd4 Nxd4 5. Qxd4 e6 6. Nc3 a6 7. Be2 b5 8.
a3 Bb7 9. O-O Nf6 10. Be3 Be7 11. Bf3 O-O 12. Rfd1 d6 13. a4 bxa4 14. Nxa4 Rc8
15. c3 e5 16. Qd3 Rc6 17. c4 Qc8 18. b3 Qe6 19. h3 Bd8 20. Nc3 Bb6 21. Nd5 Bxe3
22. Qxe3 Rc5 23. Rdc1 Nxd5 24. cxd5 Rxc1+ 25. Rxc1 Qd7 26. Qb6 Rc8 27. Rxc8+
Qxc8 28. Qxd6 f6 29. Kh2 Kf7 30. Bg4 Qa8 31. Qe6+ Kg6 32. Qf5+ Kf7 33. Qxh7 Qf8
34. Bh5+ Ke7 35. Bg4 Kd6 36. Qf5 Kc5 37. Qd7 Kb6 38. d6 Qb8 39. Qe7 1-0

[Event "C.to Provinciale KR 2007"]
[Site "Cutro ITA"]
[Date "2006.12.09"]
[Round "4"]
[White "Abatino, Maurizio"]
[Black "Olivo, Gaetano"]
[Result "1-0"]
[WhiteElo "2192"]
[BlackElo "1598"]
[PlyCount "101"]
[EventDate "2006.12.07"]

1. d4 d5 2. c4 dxc4 3. Nf3 e6 4. e3 b5 5. a4 c6 6. axb5 Bb4+ 7. Bd2 Bxd2+ 8.
Nbxd2 cxb5 9. b3 Nf6 10. bxc4 bxc4 11. Bxc4 O-O 12. O-O Nc6 13. Nb3 a5 14. Bb5
Bd7 15. Nc5 Nb4 16. Qa4 Bxb5 17. Qxb5 Nfd5 18. Rfc1 Qb6 19. Qa4 Rfc8 20. Ne5
Ra7 21. Nc4 Qc7 22. Qd1 Qd8 23. Ra3 h6 24. h3 g5 25. Ne5 Kg7 26. Ned3 Kg6 27.
Nxb4 Nxb4 28. Qf3 Qd5 29. Qxd5 Nxd5 30. Rca1 Rca8 31. Nb3 a4 32. Nc5 Nb4 33.
Rxa4 Rxa4 34. Rxa4 Rxa4 35. Nxa4 Nd3 36. Kf1 f5 37. Ke2 Nb4 38. Nc5 Kf7 39. Nd3
Nd5 40. Kd2 h5 41. g3 h4 42. gxh4 gxh4 43. Ne5+ Kg7 44. Nf3 Kh6 45. Nxh4 Kh5
46. Ng2 Kg5 47. f3 Nf6 48. Nf4 Kh4 49. Nxe6 Kxh3 50. Ke2 Nd5 51. Nf4+ 1-0

[Event "C.to Provinciale KR 2007"]
[Site "Cutro ITA"]
[Date "2006.12.09"]
[Round "4"]
[White "Camposano, Antonio"]
[Black "Virelli, Salvatore"]
[Result "0-1"]
[WhiteElo "1371"]
[BlackElo "1539"]
[PlyCount "84"]
[EventDate "2006.12.07"]

1. d4 Nf6 2. Bg5 e6 3. Bxf6 Qxf6 4. e3 Be7 5. Qf3 Qxf3 6. Nxf3 O-O 7. Be2 Nc6
8. Bb5 Nb4 9. Bd3 b6 10. c3 Nxd3+ 11. Ke2 Ba6 12. b3 Nf4+ 13. Kd2 Nxg2 14. c4
Nh4 15. Nxh4 Bxh4 16. Ke2 b5 17. Nd2 bxc4 18. Nxc4 d5 19. Rac1 dxc4 20. bxc4
Rab8 21. Kd3 Bxf2 22. h4 Rfd8 23. Rcf1 Bg3 24. Kc3 Bb7 25. Rh3 Bg2 26. Rxg3
Bxf1 27. Rf3 Bg2 28. Rf4 a5 29. e4 f6 30. d5 e5 31. Rg4 Bf3 32. Rg3 Bxe4 33. h5
c6 34. h6 g6 35. dxc6 Bxc6 36. Kc2 Rb4 37. Rc3 Rd4 38. a3 Rbxc4 39. Rxc4 Rxc4+
40. Kd3 Rd4+ 41. Kc3 g5 42. Kb3 g4 0-1

[Event "C.to Provinciale KR 2007"]
[Site "Cutro ITA"]
[Date "2006.12.09"]
[Round "4"]
[White "Olivo, Ilaria"]
[Black "Guzzo, Giovanni"]
[Result "0-1"]
[WhiteElo "1419"]
[BlackElo "1798"]
[PlyCount "82"]
[EventDate "2006.12.07"]

1. d4 e6 2. c4 d5 3. Nc3 c5 4. Nf3 Nc6 5. e3 Nf6 6. Bd3 a6 7. O-O Bd6 8. Re1
O-O 9. cxd5 exd5 10. Bc2 Bg4 11. h3 Bh5 12. Bb3 c4 13. Bc2 b5 14. e4 dxe4 15.
Nxe4 Nxe4 16. Bxe4 Rc8 17. Qc2 Bxf3 18. Bxf3 Nxd4 19. Qc3 b4 20. Qd2 c3 21.
bxc3 Nxf3+ 22. gxf3 Rxc3 23. Qd1 Qc7 24. Bb2 Rc2 25. Rb1 Rd8 26. Bd4 Rxa2 27.
Re2 Rxe2 28. Qxe2 h6 29. Kf1 a5 30. Qb2 f6 31. Rc1 Qf7 32. Bb6 Ra8 33. Rc6 Be5
34. Qc2 a4 35. Qe4 Qb3 36. f4 Qxh3+ 37. Ke2 Qg4+ 38. Kf1 Qxf4 39. Qd5+ Kh8 40.
Rc4 Qxc4+ 41. Qxc4 b3 0-1

[Event "C.to Provinciale KR 2007"]
[Site "Cutro ITA"]
[Date "2006.12.09"]
[Round "4"]
[White "Piccoli, Vincenzo"]
[Black "Alo', Lucio"]
[Result "1-0"]
[WhiteElo "1700"]
[BlackElo "1559"]
[PlyCount "51"]
[EventDate "2006.12.07"]

1. d4 e6 2. c4 Be7 3. e4 d5 4. Nc3 Bb4 5. Bd3 dxe4 6. Bxe4 Nf6 7. Qa4+ c6 8.
Qxb4 Qxd4 9. Be3 Qe5 10. Nf3 Qc7 11. Bd3 Na6 12. Qb3 O-O 13. O-O Bd7 14. Rfd1
c5 15. Ne4 Nxe4 16. Bxe4 Rab8 17. Rd2 Bc6 18. Qc2 f5 19. Bxc6 Qxc6 20. Rad1 f4
21. Rd6 Qc8 22. Ng5 g6 23. Rd7 fxe3 24. Qc3 exf2+ 25. Kf1 Qxd7 26. Rxd7 1-0

[Event "C.to Provinciale KR 2007"]
[Site "Cutro ITA"]
[Date "2006.12.09"]
[Round "4"]
[White "Policastrese, Salvatore"]
[Black "Scalise, Sandro"]
[Result "0-1"]
[WhiteElo "1440"]
[BlackElo "1625"]
[PlyCount "88"]
[EventDate "2006.12.07"]

1. e4 d6 2. d4 g6 3. Nf3 Bg7 4. Nc3 Bd7 5. h3 Nc6 6. Be3 e6 7. Bd3 Nge7 8. Qd2
e5 9. d5 Nd4 10. Bxd4 exd4 11. Ne2 c6 12. Bc4 c5 13. c3 b5 14. Bb3 c4 15. Bc2
d3 16. Bxd3 cxd3 17. Qxd3 O-O 18. O-O Rc8 19. Rac1 a6 20. b3 Qa5 21. Rc2 f5 22.
Rfc1 Qd8 23. Rb2 fxe4 24. Qxe4 Bf5 25. Qe3 Nxd5 26. Qd2 Nf6 27. Ned4 Ne4 28.
Qe3 Bxd4 29. Qxd4 Qf6 30. Qd5+ Kh8 31. Qb7 Nc5 32. Qd5 Nd3 33. Re1 Nxe1 34.
Nxe1 Rc5 35. Qb7 Rxc3 36. Re2 Rc1 37. Re7 g5 38. Kh2 Bg6 39. f3 g4 40. fxg4
Qf4+ 41. Kh1 Qf1+ 42. Kh2 Rxe1 43. Rg7 Qf4+ 44. g3 Qf2+ 0-1

[Event "C.to Provinciale KR 2007"]
[Site "Cutro ITA"]
[Date "2006.12.09"]
[Round "4"]
[White "Spagnolo, Vincenzo"]
[Black "Macri', Pasquale"]
[Result "0-1"]
[WhiteElo "1365"]
[BlackElo "1425"]
[PlyCount "109"]
[EventDate "2006.12.07"]

1. e4 e5 2. Nf3 d6 3. Be2 Nf6 4. Nc3 b6 5. O-O Bb7 6. d3 h6 7. Be3 c5 8. b3
Nbd7 9. a4 d5 10. exd5 Nxd5 11. Nxd5 Bxd5 12. c4 Bxf3 13. Bxf3 Rb8 14. Bc6 Be7
15. f4 O-O 16. Bxd7 Qxd7 17. fxe5 Rbd8 18. Rf3 Qxd3 19. Qxd3 Rxd3 20. Rb1 Rfd8
21. Kf2 Bg5 22. Ke2 Bxe3 23. Rxe3 Rxe3+ 24. Kxe3 Re8 25. Kf4 f6 26. exf6 gxf6
27. g4 Kg7 28. Rg1 Kg6 29. h4 Re2 30. g5 Rf2+ 31. Kg4 fxg5 32. hxg5 hxg5 33.
Rh1 a6 34. Rh3 Rf4+ 35. Kg3 Kf5 36. Kg2 Rh4 37. Rxh4 gxh4 38. Kh3 Kg5 39. Kh2
Kg4 40. Kg2 h3+ 41. Kh1 Kf3 42. Kh2 Ke3 43. Kxh3 Kd3 44. Kg3 Kc3 45. Kf3 Kxb3
46. Ke4 Kb4 47. Kd5 Kxa4 48. Kc6 Kb4 49. Kxb6 a5 50. Ka6 a4 51. Kb6 a3 52. Ka6
a2 53. Kb6 a1=Q 54. Kc6 Kxc4 55. Kb6 0-1

[Event "C.to Provinciale KR 2007"]
[Site "Cutro ITA"]
[Date "2006.12.09"]
[Round "5"]
[White "Camposano, Antonio"]
[Black "Spagnolo, Vincenzo"]
[Result "1/2-1/2"]
[WhiteElo "1371"]
[BlackElo "1365"]
[PlyCount "93"]
[EventDate "2006.12.07"]

1. d4 d5 2. Nf3 Nf6 3. Nbd2 Nc6 4. e3 Bd7 5. Be2 e6 6. c3 Be7 7. O-O O-O 8. Ne1
e5 9. Nef3 e4 10. Ne1 Bf5 11. f3 a6 12. f4 Bg4 13. Bxg4 Nxg4 14. Qxg4 f5 15.
Qe2 h6 16. g3 b5 17. b4 Rb8 18. h4 g5 19. Ng2 Qe8 20. a3 g4 21. Nb3 Qh5 22. Nc5
Bxc5 23. bxc5 Rf6 24. a4 Ne7 25. Qd1 c6 26. Bd2 Qe8 27. Qb3 a5 28. Rfb1 bxa4
29. Qxb8 Rf8 30. Qxe8 Rxe8 31. Rxa4 Ra8 32. Rba1 Kf7 33. Rxa5 Rxa5 34. Rxa5 Ke6
35. Ne1 Kd7 36. Ra7+ Ke6 37. Rxe7+ Kxe7 38. Nc2 Kd7 39. Na3 Kc7 40. c4 Kd7 41.
cxd5 cxd5 42. Nb5 Kc6 43. Bb4 Kxb5 44. Ba3 Kc6 45. Bb4 Kb5 46. Ba3 Kc6 47. Bb4
1/2-1/2

[Event "C.to Provinciale KR 2007"]
[Site "Cutro ITA"]
[Date "2006.12.09"]
[Round "5"]
[White "Guzzo, Giovanni"]
[Black "Mano, Dionigi"]
[Result "1-0"]
[WhiteElo "1798"]
[BlackElo "1667"]
[PlyCount "71"]
[EventDate "2006.12.07"]

1. e4 e6 2. Nf3 d5 3. e5 c5 4. g3 Nc6 5. c3 Bd7 6. Bg2 Be7 7. O-O Qc7 8. d4 f6
9. Nh4 g6 10. exf6 Nxf6 11. dxc5 Bxc5 12. b4 Bd6 13. Bh6 Ne5 14. Bg7 O-O-O 15.
Bxf6 Rhf8 16. Bxd8 Kxd8 17. Nf3 Ng4 18. a4 h5 19. Qd4 b6 20. Nbd2 Bc6 21. Qd3
Rf6 22. h3 Ne5 23. Nxe5 Bxe5 24. Nf3 Bd6 25. Nd4 Bd7 26. Nb5 Bxb5 27. axb5 h4
28. Ra3 Qf7 29. Ra2 g5 30. Rfa1 Bb8 31. c4 hxg3 32. fxg3 g4 33. cxd5 e5 34. h4
Qe7 35. Qc4 Rf7 36. Rc1 1-0

[Event "C.to Provinciale KR 2007"]
[Site "Cutro ITA"]
[Date "2006.12.09"]
[Round "5"]
[White "Macri', Pasquale"]
[Black "Virelli, Salvatore"]
[Result "1/2-1/2"]
[WhiteElo "1425"]
[BlackElo "1539"]
[PlyCount "64"]
[EventDate "2006.12.07"]

1. e4 c5 2. Nf3 d6 3. d4 cxd4 4. Nxd4 Nf6 5. Nc3 e6 6. Bb5+ Bd7 7. Bxd7+ Nbxd7
8. O-O a6 9. b4 Be7 10. a3 O-O 11. h3 Qc7 12. Bb2 Ne5 13. Nf3 Nc4 14. Bc1 Ne5
15. Ne2 Nxe4 16. Nxe5 dxe5 17. Qd3 Qc6 18. Ng3 Nxg3 19. Qxg3 Bf6 20. c3 Rfd8
21. f4 e4 22. f5 Qxc3 23. Qxc3 Bxc3 24. Ra2 Rd3 25. fxe6 fxe6 26. Re2 Rf8 27.
Rxf8+ Kxf8 28. Rxe4 e5 29. Be3 Bd4 30. Kf2 Rxa3 31. Bxd4 exd4 32. Rxd4 Ke7
1/2-1/2

[Event "C.to Provinciale KR 2007"]
[Site "Cutro ITA"]
[Date "2006.12.09"]
[Round "5"]
[White "Manfredi, Candido"]
[Black "Liistro, Giovanni Carlo"]
[Result "0-1"]
[WhiteElo "1572"]
[BlackElo "1865"]
[PlyCount "116"]
[EventDate "2006.12.07"]

1. e4 e5 2. Nf3 Nc6 3. Bb5 a6 4. Ba4 Nf6 5. O-O Be7 6. Re1 b5 7. Bb3 O-O 8. c3
d6 9. h3 Nb8 10. d4 Nbd7 11. Nbd2 Bb7 12. Bc2 Re8 13. Nf1 Bf8 14. Ng3 g6 15.
Bg5 h6 16. Be3 exd4 17. Bxd4 c5 18. Bxf6 Qxf6 19. Qd2 Ne5 20. Nxe5 dxe5 21. Re3
Rad8 22. Qe2 Rd6 23. Rd1 Rxd1+ 24. Qxd1 Rd8 25. Rd3 Rxd3 26. Qxd3 Qd6 27. Qxd6
Bxd6 28. Kf1 Kf8 29. Ke2 Ke7 30. Nf1 c4 31. f3 Bc5 32. b4 Ba7 33. a4 h5 34. Nd2
h4 35. Nb1 Kf6 36. Na3 Bc6 37. axb5 axb5 38. Nb1 Kg5 39. Nd2 Kf4 40. Nf1 f5 41.
exf5 gxf5 42. Nd2 Bd7 43. Nf1 Bb6 44. Bb1 Bc6 45. Bc2 e4 46. fxe4 fxe4 47. Nd2
e3 48. Nf3 Kg3 49. Bf5 Kxg2 50. Nxh4+ Kg3 51. Ng6 Bf3+ 52. Ke1 e2 53. h4 Bf2+
54. Kd2 e1=Q+ 55. Kc2 Be3 56. Kb2 Qc1+ 57. Ka2 Bd1 58. h5 Bb3# 0-1

[Event "C.to Provinciale KR 2007"]
[Site "Cutro ITA"]
[Date "2006.12.09"]
[Round "5"]
[White "Olivo, Gaetano"]
[Black "Frontera, Domenico"]
[Result "0-1"]
[WhiteElo "1598"]
[BlackElo "1632"]
[PlyCount "86"]
[EventDate "2006.12.07"]

1. e4 e5 2. Nf3 Nc6 3. Bc4 Bc5 4. c3 Nf6 5. d3 O-O 6. Bg5 d6 7. h3 a6 8. b4 Ba7
9. O-O Be6 10. Bxe6 fxe6 11. Qb3 d5 12. Nbd2 Qd6 13. a3 Nh5 14. c4 Nd4 15. Nxd4
Bxd4 16. c5 Qd7 17. Nf3 Bxa1 18. Rxa1 dxe4 19. Nxe5 Qd5 20. Qxd5 exd5 21. dxe4
dxe4 22. Be3 Rf5 23. Nc4 Rd5 24. Re1 Rad8 25. g4 Nf6 26. Bf4 Rd1 27. Kf1 Rxe1+
28. Kxe1 Nd5 29. Bd2 Rf8 30. Ne5 Nf4 31. a4 Nxh3 32. Be3 Nf4 33. b5 Ng2+ 34.
Ke2 axb5 35. axb5 Ra8 36. c6 Ra2+ 37. Kf1 Nxe3+ 38. fxe3 bxc6 39. bxc6 Ra5 40.
Nc4 Rc5 41. Nd2 Rxc6 42. Nxe4 Re6 43. Nf2 Rxe3 0-1

[Event "C.to Provinciale KR 2007"]
[Site "Cutro ITA"]
[Date "2006.12.09"]
[Round "5"]
[White "Olivo, Paolo"]
[Black "Morelli, Gaetano"]
[Result "0-1"]
[WhiteElo "1589"]
[BlackElo "1849"]
[PlyCount "98"]
[EventDate "2006.12.07"]

1. e4 Nf6 2. e5 Nd5 3. d4 d6 4. c4 Nb6 5. f4 dxe5 6. fxe5 Nc6 7. Nf3 Bg4 8. c5
Nd5 9. Be2 e6 10. O-O Be7 11. a3 O-O 12. Qd3 f6 13. Nc3 fxe5 14. Nxd5 Qxd5 15.
Nxe5 Bxe2 16. Qxe2 Qxd4+ 17. Be3 Qxe5 18. b4 Bg5 19. Rfe1 Qxe3+ 20. Qxe3 Bxe3+
21. Rxe3 Rae8 22. Rd1 e5 23. Rd5 Rd8 24. Rxd8 Rxd8 25. b5 Nd4 26. Rxe5 Nxb5 27.
c6 bxc6 28. a4 Nc3 29. Ra5 Rf8 30. h3 Ra8 31. Ra6 c5 32. a5 Ne4 33. Rc6 Nd6 34.
Rxc5 Nb7 35. Rb5 Nd6 36. Rc5 Rc8 37. a6 c6 38. Kf1 Kf8 39. Ke2 Ke7 40. Kd3 Kd7
41. g4 Kc7 42. Rc1 Kb6 43. Ra1 c5 44. Re1 c4+ 45. Kc3 Nb5+ 46. Kc2 Kxa6 47. Re7
Rc7 48. Re6+ Ka5 49. g5 Nd4+ 0-1

[Event "C.to Provinciale KR 2007"]
[Site "Cutro ITA"]
[Date "2006.12.09"]
[Round "5"]
[White "Pulvirenti, Carmelo"]
[Black "Piccoli, Vincenzo"]
[Result "0-1"]
[WhiteElo "1703"]
[BlackElo "1700"]
[PlyCount "112"]
[EventDate "2006.12.07"]

1. e4 c5 2. Nf3 d6 3. d4 cxd4 4. Qxd4 Nc6 5. Bb5 Bd7 6. Bxc6 Bxc6 7. Nc3 Nf6 8.
O-O e6 9. Re1 Qc7 10. a4 b6 11. Bg5 Be7 12. Rad1 O-O 13. Bxf6 Bxf6 14. Qxd6
Qxd6 15. Rxd6 Bxc3 16. bxc3 Bxa4 17. Nd4 Rac8 18. Ra1 b5 19. Nc6 Rc7 20. c4 a6
21. c3 Rfc8 22. cxb5 axb5 23. Rd8+ Rxd8 24. Nxd8 Kf8 25. c4 Ke8 26. Nxf7 Kxf7
27. cxb5 Bxb5 28. g3 Bd3 29. Re1 Rc4 30. f3 Rc2 31. Re3 Bc4 32. h4 Kf6 33. f4
Re2 34. e5+ Kf5 35. Rc3 Bd5 36. Rc7 Rg2+ 37. Kf1 Rxg3 38. h5 Kxf4 39. Kf2 Rf3+
40. Ke2 Re3+ 41. Kf2 Rxe5 42. Rxg7 Rxh5 43. Rf7+ Ke5 44. Kg3 Rh1 45. Rf8 h5 46.
Rf7 h4+ 47. Kf2 h3 48. Kg3 h2 49. Rf2 Rg1+ 50. Kxh2 Rg2+ 51. Rxg2 Bxg2 52. Kxg2
Ke4 53. Kf2 Kd3 54. Ke1 e5 55. Kd1 e4 56. Ke1 Ke3 0-1

[Event "C.to Provinciale KR 2007"]
[Site "Cutro ITA"]
[Date "2006.12.09"]
[Round "5"]
[White "Scalise, Sandro"]
[Black "Alo', Lucio"]
[Result "1-0"]
[WhiteElo "1625"]
[BlackElo "1559"]
[PlyCount "71"]
[EventDate "2006.12.07"]

1. d4 Nf6 2. Nf3 e6 3. Bf4 Be7 4. e3 O-O 5. Bd3 c5 6. c3 cxd4 7. exd4 Nd5 8.
Bg3 d6 9. O-O f5 10. h3 f4 11. Bh2 Rf6 12. Qc2 h6 13. Nbd2 a6 14. a4 Nc6 15.
Rfe1 Bd7 16. Nh4 Be8 17. Ng6 Bxg6 18. Bxg6 Rc8 19. Nf3 Nc7 20. Nh4 Kf8 21. Rad1
Nd5 22. Bh5 Kg8 23. Re4 Qa5 24. Qe2 e5 25. dxe5 Re6 26. Ng6 Nc7 27. Nxe7+ Rxe7
28. b4 Qxa4 29. exd6 Rxe4 30. Qxe4 Re8 31. Qc4+ Ne6 32. Bxf4 g5 33. d7 Re7 34.
Bd6 Na5 35. Qc8+ Kg7 36. Be5+ 1-0

[Event "C.to Provinciale KR 2007"]
[Site "Cutro ITA"]
[Date "2006.12.09"]
[Round "5"]
[White "Scerra, Ezio"]
[Black "Olivo, Ilaria"]
[Result "0-1"]
[WhiteElo "1392"]
[BlackElo "1419"]
[PlyCount "78"]
[EventDate "2006.12.07"]

1. Nf3 Nf6 2. c3 d5 3. d4 Bg4 4. e3 e6 5. Be2 Be7 6. Nbd2 Nc6 7. Ng1 Bxe2 8.
Nxe2 e5 9. Ng3 Qd7 10. Nh5 O-O 11. Nxf6+ Bxf6 12. dxe5 Nxe5 13. Nf3 Rfe8 14.
Nxe5 Rxe5 15. O-O c5 16. c4 Rd8 17. f4 Re4 18. Qxd5 Qxd5 19. cxd5 Rxd5 20. Rb1
a6 21. Kf2 b5 22. Kf3 Re6 23. b4 h6 24. bxc5 Rxc5 25. Bd2 Rc2 26. Rfd1 Rxa2 27.
Be1 Ra3 28. Bf2 g5 29. g3 Rc3 30. Rb4 Rb6 31. fxg5 hxg5 32. Rg4 b4 33. Be1 Rb3
34. Rd5 Rb1 35. Rdxg5+ Bxg5 36. Rxg5+ Kf8 37. Bd2 b3 38. Ba5 Rb7 39. Bc3 b2 0-1

[Event "C.to Provinciale KR 2007"]
[Site "Cutro ITA"]
[Date "2006.12.09"]
[Round "5"]
[White "Zavaglia, Giuseppe"]
[Black "Abatino, Maurizio"]
[Result "1/2-1/2"]
[WhiteElo "1886"]
[BlackElo "2192"]
[PlyCount "73"]
[EventDate "2006.12.07"]

1. c4 Nf6 2. Nc3 e6 3. g3 Be7 4. Bg2 O-O 5. Nf3 d5 6. cxd5 exd5 7. d4 c6 8. Qc2
Re8 9. O-O Nbd7 10. Bf4 Nf8 11. Rad1 Ng6 12. Bg5 Ne4 13. Bxe7 Qxe7 14. e3 Bf5
15. Qb3 Rab8 16. Nd2 Nd6 17. Na4 Nf8 18. Nc5 Nd7 19. Nxd7 Qxd7 20. Rc1 Bh3 21.
Qd3 Bxg2 22. Kxg2 Qg4 23. h3 Qe6 24. Rfe1 h5 25. h4 Rbd8 26. Rcd1 Nf5 27. Nf3
Qe4 28. Qxe4 Rxe4 29. Ng5 Re7 30. Nf3 Nd6 31. Nd2 Rde8 32. Rc1 Re6 33. Rf1 f6
34. Rfd1 Kf7 35. Rh1 Rh8 36. Rhe1 Ree8 37. Rh1 1/2-1/2

[Event "C.to Provinciale KR 2007"]
[Site "Cutro ITA"]
[Date "2006.12.10"]
[Round "6"]
[White "Abatino, Maurizio"]
[Black "Morelli, Gaetano"]
[Result "1/2-1/2"]
[WhiteElo "2192"]
[BlackElo "1849"]
[PlyCount "139"]
[EventDate "2006.12.07"]

1. d4 d5 2. c4 e6 3. Nc3 c6 4. e3 Nf6 5. Nf3 Nbd7 6. Qc2 Bd6 7. Be2 O-O 8. O-O
Re8 9. Rd1 Qc7 10. h3 dxc4 11. Bxc4 b5 12. Bd3 Bb7 13. Bd2 a6 14. b4 e5 15. a3
exd4 16. exd4 Bf4 17. Rac1 Qd6 18. Re1 Bxd2 19. Qxd2 Rad8 20. Rcd1 h6 21. Bb1
a5 22. Qb2 axb4 23. axb4 Nb6 24. Ne5 Nfd5 25. Ba2 Bc8 26. Ne4 Qc7 27. Rc1 Bb7
28. Nc5 Na4 29. Nxa4 bxa4 30. Qa3 Qb6 31. Red1 f6 32. Nd3 Kh8 33. Qxa4 Ra8 34.
Qb3 Qxd4 35. Nc5 Qxb4 36. Nxb7 Rxa2 37. Qxa2 Qxb7 38. Qc4 Re6 39. Re1 Rxe1+ 40.
Rxe1 Qb5 41. Rc1 Qxc4 42. Rxc4 Ne7 43. Kf1 Kg8 44. Ke2 Kf7 45. Kd3 Ke6 46. Rc1
Kd6 47. Kc4 Nd5 48. g3 Nb6+ 49. Kd4 Nd5 50. h4 Ne7 51. Ra1 g5 52. h5 Nf5+ 53.
Ke4 Ng7 54. Ra7 f5+ 55. Kd4 Nxh5 56. Rh7 Nf6 57. Rxh6 Ke6 58. Kc5 Ke5 59. f3 f4
60. g4 Nxg4 61. fxg4 f3 62. Rh1 Kf4 63. Kd4 c5+ 64. Kd3 c4+ 65. Kxc4 Kxg4 66.
Kd3 Kg3 67. Ke3 Kg2 68. Rh5 g4 69. Rg5 g3 70. Kf4 1/2-1/2

[Event "C.to Provinciale KR 2007"]
[Site "Cutro ITA"]
[Date "2006.12.10"]
[Round "6"]
[White "Frontera, Domenico"]
[Black "Macri', Pasquale"]
[Result "1-0"]
[WhiteElo "1632"]
[BlackElo "1425"]
[PlyCount "133"]
[EventDate "2006.12.07"]

1. e4 e5 2. Nf3 Nc6 3. Nc3 Bb4 4. Nd5 Nf6 5. Nxb4 Nxb4 6. c3 Nc6 7. d3 d6 8.
Be2 O-O 9. Bg5 h6 10. Bh4 Qe7 11. O-O Qe6 12. h3 Nh5 13. Nxe5 Nxe5 14. Bxh5 Ng6
15. Bg3 Qf6 16. f4 d5 17. e5 Qb6+ 18. Rf2 Bf5 19. d4 Rae8 20. Qf3 Qc6 21. Bg4
Be4 22. Qd1 f6 23. f5 Ne7 24. Bh5 g6 25. fxg6 Bxg6 26. Qg4 fxe5 27. Rxf8+ Rxf8
28. Bxe5 Rf5 29. Bxg6 Qxg6 30. Qxg6+ Nxg6 31. Bxc7 Rf7 32. Bg3 Ne7 33. Rf1 Rg7
34. Kh2 Nc6 35. Rf6 h5 36. Rf5 Na5 37. b3 Re7 38. Be5 Nc6 39. Rxh5 a5 40. Rh8+
Kf7 41. Rh7+ Ke6 42. Rxe7+ Kxe7 43. Bf4 b5 44. g4 b4 45. Bd2 Kf6 46. Kg3 Kg6
47. Kf4 Nd8 48. cxb4 axb4 49. Bxb4 Ne6+ 50. Ke5 Nc7 51. h4 Ne8 52. Bd2 Nf6 53.
h5+ Kf7 54. g5 Nxh5 55. Kxd5 Ng3 56. a4 Nf1 57. Bf4 Kg6 58. Ke5 Kh5 59. a5 Kg4
60. g6 Ng3 61. Bxg3 Kxg3 62. g7 Kf3 63. g8=Q Ke3 64. Qc4 Kd2 65. Ke4 Kd1 66.
Ke3 Ke1 67. Qe2# 1-0

[Event "C.to Provinciale KR 2007"]
[Site "Cutro ITA"]
[Date "2006.12.10"]
[Round "6"]
[White "Liistro, Giovanni Carlo"]
[Black "Zavaglia, Giuseppe"]
[Result "0-1"]
[WhiteElo "1865"]
[BlackElo "1886"]
[PlyCount "36"]
[EventDate "2006.12.07"]

1. e4 c5 2. c3 d5 3. exd5 Qxd5 4. d4 Nc6 5. Nf3 Nf6 6. Be3 cxd4 7. cxd4 e6 8.
Nc3 Bb4 9. a3 Bxc3+ 10. bxc3 Qa5 11. Qb3 O-O 12. Bd3 e5 13. dxe5 Nxe5 14. Be2
Nfg4 15. Nxe5 Nxe3 16. Nxf7 Nxg2+ 17. Kf1 Ne3+ 18. Ke1 Be6 0-1

[Event "C.to Provinciale KR 2007"]
[Site "Cutro ITA"]
[Date "2006.12.10"]
[Round "6"]
[White "Mano, Dionigi"]
[Black "Olivo, Paolo"]
[Result "0-1"]
[WhiteElo "1667"]
[BlackElo "1589"]
[PlyCount "78"]
[EventDate "2006.12.07"]

1. e4 c5 2. Nf3 d6 3. d4 cxd4 4. Nxd4 Nf6 5. Nc3 a6 6. Bc4 Qc7 7. Bb3 e6 8. Be3
Be7 9. Qd2 b5 10. h3 Bb7 11. f3 Nbd7 12. a4 b4 13. Nce2 d5 14. exd5 Nxd5 15.
Bf2 O-O 16. Bxd5 Bxd5 17. O-O Rac8 18. Bg3 Qc5 19. Kh1 Bf6 20. b3 Rfd8 21. Rac1
Nb8 22. Bf2 Qd6 23. Qe1 g6 24. Bh4 Bxh4 25. Qxh4 e5 26. Qg3 exd4 27. Qxd6 Rxd6
28. Nxd4 Bb7 29. Ne2 a5 30. Ng3 Rd2 31. Ne4 Bxe4 32. fxe4 Rcxc2 33. Rxc2 Rxc2
34. Rd1 Nc6 35. Rd3 Rc3 36. Rf3 Rxf3 37. gxf3 Nd4 38. Kg1 Nxb3 39. Kf2 Nc5 0-1

[Event "C.to Provinciale KR 2007"]
[Site "Cutro ITA"]
[Date "2006.12.10"]
[Round "6"]
[White "Olivo, Ilaria"]
[Black "Olivo, Gaetano"]
[Result "1-0"]
[WhiteElo "1419"]
[BlackElo "1598"]
[PlyCount "59"]
[EventDate "2006.12.07"]

1. d4 f5 2. c4 Nf6 3. Nc3 g6 4. Bg5 Bg7 5. Nf3 d6 6. Qc2 h6 7. Bf4 c6 8. e4
fxe4 9. Nxe4 Bf5 10. Bd3 Kf7 11. Nxf6 Bxd3 12. Qxd3 Qa5+ 13. Bd2 Qxd2+ 14. Qxd2
exf6 15. O-O Nd7 16. Rfe1 Rad8 17. Qd3 f5 18. Re2 Nf6 19. Rae1 Ne4 20. Nd2 d5
21. f3 Nd6 22. cxd5 Nb5 23. Nb3 Rxd5 24. Re7+ Kg8 25. Qe2 Kh7 26. Qe6 Rdd8 27.
Qf7 Rhg8 28. R1e6 Kh8 29. Rxg6 Nd6 30. Rxh6+ 1-0

[Event "C.to Provinciale KR 2007"]
[Site "Cutro ITA"]
[Date "2006.12.10"]
[Round "6"]
[White "Piccoli, Vincenzo"]
[Black "Guzzo, Giovanni"]
[Result "0-1"]
[WhiteElo "1700"]
[BlackElo "1798"]
[PlyCount "96"]
[EventDate "2006.12.07"]

1. e4 e6 2. c4 d5 3. Nc3 dxe4 4. Nxe4 Nf6 5. Nc3 Bc5 6. Nf3 Nc6 7. Be2 O-O 8.
d3 h6 9. Be3 Nd4 10. O-O Nxe2+ 11. Qxe2 Be7 12. Rfd1 b6 13. d4 Bb7 14. Bf4 Nh5
15. Be5 f6 16. Bg3 Qc8 17. Re1 e5 18. dxe5 Nxg3 19. hxg3 fxe5 20. Nxe5 Bc5 21.
Nd3 Bd4 22. Nb5 Bf6 23. Qe6+ Kh8 24. Qxc8 Rfxc8 25. Re6 a6 26. Nc3 Rd8 27. Nf4
Rd2 28. Re2 Rxb2 29. Ncd5 Bxd5 30. Rxb2 Bxc4 31. Rc2 Bxa1 32. Rxc4 c5 33. Nd5
Rb8 34. a4 Bd4 35. Rc1 b5 36. Rb1 b4 37. Ne7 a5 38. Nc6 Rb6 39. Nxd4 cxd4 40.
Kf1 Kh7 41. Ke2 Kg6 42. Kd3 Rd6 43. Re1 Kf5 44. Re7 g6 45. Ra7 Rd5 46. Kc4 d3
47. Kxd5 d2 48. Rf7+ Kg5 0-1

[Event "C.to Provinciale KR 2007"]
[Site "Cutro ITA"]
[Date "2006.12.10"]
[Round "6"]
[White "Spagnolo, Vincenzo"]
[Black "Policastrese, Salvatore"]
[Result "0-1"]
[WhiteElo "1365"]
[BlackElo "1440"]
[PlyCount "106"]
[EventDate "2006.12.07"]

1. e4 e5 2. Nf3 Nc6 3. Bc4 h6 4. O-O Nf6 5. Nc3 d6 6. h3 Be7 7. d3 a6 8. a4 Nb4
9. Bd2 Nc6 10. Nd5 Nxd5 11. Bxd5 Bd7 12. Re1 b5 13. c4 Rb8 14. Bxc6 Bxc6 15. b4
bxa4 16. d4 Bf6 17. Bc3 exd4 18. Nxd4 Bxd4 19. Qxd4 f6 20. Qd2 O-O 21. f3 Qd7
22. Red1 Rbd8 23. Qb2 Qe8 24. Rab1 Rb8 25. Ra1 Qg6 26. Qe2 Rfe8 27. c5 d5 28.
Qxa6 Bd7 29. Rxd5 Bxh3 30. Ra2 Be6 31. f4 Qxe4 32. Rd4 Qe3+ 33. Rf2 Qxc3 34.
Re4 Bb3 35. Qc6 Rxe4 36. Qxe4 Qxb4 37. Qxb4 Rxb4 38. g3 a3 39. Rf1 Bc4 40. Ra1
a2 41. Kf2 Rb1 42. Rxa2 Bxa2 43. Ke3 Rd1 44. Ke4 Kf7 45. g4 Ke6 46. f5+ Kf7 47.
Kf4 Rc1 48. Kg3 Rxc5 49. Kh4 Rc1 50. g5 fxg5+ 51. Kh5 c5 52. f6 gxf6 53. Kxh6
Rh1# 0-1

[Event "C.to Provinciale KR 2007"]
[Site "Cutro ITA"]
[Date "2006.12.10"]
[Round "6"]
[White "Virelli, Salvatore"]
[Black "Scalise, Sandro"]
[Result "1/2-1/2"]
[WhiteElo "1539"]
[BlackElo "1625"]
[PlyCount "39"]
[EventDate "2006.12.07"]

1. e4 d6 2. d4 Nf6 3. Nc3 g6 4. h3 Bg7 5. Nf3 O-O 6. Be3 a6 7. Bd3 b5 8. a3 Bb7
9. O-O Nbd7 10. Qd2 e6 11. Bg5 Qc8 12. Qe3 c5 13. dxc5 Nxc5 14. Nd4 Nxd3 15.
cxd3 Nd7 16. Rac1 Qe8 17. Bh6 e5 18. Bxg7 Kxg7 19. Nf3 f5 20. Nd5 1/2-1/2